2011 TV Shows by Cast Photo Quiz Stats

 Plays Quiz Updated Sep 1, 2015

Challenge
Share
Tweet
Score 0/20 Timer 08:00
1 Play Today
% Correct
The Voice
93.2%
Game of Thrones
90.3%
2 Broke Girls
87.5%
New Girl
85%
Bob's Burgers
80.8%
The X Factor USA
64.3%
Dance Moms
61.5%
Suits
61.2%
Once Upon a Time
59.6%
Homeland
57.5%
% Correct
Teen Wolf
48.3%
Shameless
44.9%
Portlandia
43.1%
Wilfred
42.8%
Pan Am
42%
Spartacus: Gods of the Arena
39%
Revenge
37.9%
Workaholics
35.8%
Hart of Dixie
31.5%
Grimm
27%

You're not logged in!

Compare scores with friends on all Sporcle quizzes.
OR
Log In

You Might Also Like...

Show Comments

Extras

Top Quizzes Today


Score Distribution

Your Account Isn't Verified!

In order to create a playlist on Sporcle, you need to verify the email address you used during registration. Go to your Sporcle Settings to finish the process.

Report this User

Report this user for behavior that violates our Community Guidelines.

Details: